LEADER 01404nam a2200373 i 4500 001 991001446409707536 005 20020507193612.0 008 940711s1984 sz ||| | eng 020 $a3764315504 035 $ab10848642-39ule_inst 035 $aLE01312385$9ExL 040 $aDip.to Matematica$beng 082 0 $a003 082 0 $a515.724 084 $aAMS 47-06 084 $aAMS 47-XX 084 $aQA402 100 1 $aDym, Harry$0442082 245 10$aTopics in operator theory systems and networks :$bworkshop on Applications of Linear Operator Theory to Systems and Networks, Rehovot (Israel), June 13-16, 1983 /$ceds. H. Dym, I. Gohberg 260 $aBasel ; Boston :$bBirkhauser,$c1984 300 $a384 p. ;$c24 cm. 490 0 $aOperator theory.$pAdvances and applications ;$v12 500 $aIncludes bibliographies 650 4$aElectric network analysis$xCongresses 650 4$aLinear operators$xCongresses 650 4$aOperator theory 650 4$aSystem analysis$xCongresses 700 1 $aGohberg, Izrail TSudikovich 907 $a.b10848642$b23-02-17$c28-06-02 912 $a991001446409707536 945 $aLE013 47-XX DYM11 (1984)$g1$i2013000000466$lle013$o-$pE0.00$q-$rl$s- $t0$u0$v0$w0$x0$y.i10959658$z28-06-02 996 $aTopics in operator theory systems and networks$9918796 997 $aUNISALENTO 998 $ale013$b01-01-94$cm$da $e-$feng$gsz $h0$i1 LEADER 01787oam 2200493zu 450 001 9910142188103321 005 20241212215356.0 010 $a9781509097609 010 $a1509097600 035 $a(CKB)1000000000036026 035 $a(SSID)ssj0000395618 035 $a(PQKBManifestationID)12144177 035 $a(PQKBTitleCode)TC0000395618 035 $a(PQKBWorkID)10454367 035 $a(PQKB)10113617 035 $a(EXLCZ)991000000000036026 100 $a20160829d2005 uy 101 0 $aeng 181 $ctxt 182 $cc 183 $acr 200 10$a2005 14th IEEE Workshop on Local & Metropolitan Area Networks (LANMAN), Crete, Greece, 18-21 September 2005 210 31$a[Place of publication not identified]$cIEEE$d2005 300 $aBibliographic Level Mode of Issuance: Monograph 311 08$a9780780395657 311 08$a0780395654 606 $aLocal area networks (Computer networks)$vCongresses 606 $aMetropolitan area networks (Computer networks)$vCongresses 606 $aElectrical & Computer Engineering$2HILCC 606 $aEngineering & Applied Sciences$2HILCC 606 $aTelecommunications$2HILCC 615 0$aLocal area networks (Computer networks) 615 0$aMetropolitan area networks (Computer networks) 615 7$aElectrical & Computer Engineering 615 7$aEngineering & Applied Sciences 615 7$aTelecommunications 676 $a004.6/8 712 02$aInstitute of Electrical and Electronics Engineers 712 12$aIEEE Workshop on Local and Metropolitan Area Networks 801 0$bPQKB 906 $aPROCEEDING 912 $a9910142188103321 996 $a2005 14th IEEE Workshop on Local & Metropolitan Area Networks (LANMAN), Crete, Greece, 18-21 September 2005$92538027 997 $aUNINA